[Event "Pagrati CC-ch"]
[Site "Pagrati"]
[Date "2006.10.05"]
[Round "2.1"]
[White "Alvas, Panayotis"]
[Black "Tzermiadianos, Andreas"]
[Result "0-1"]
[WhiteElo "2117"]
[BlackElo "2261"]
[PlyCount "64"]
[EventDate "2006.09.28"]
[EventType "swiss"]
[EventRounds "7"]
[EventCountry "GRE"]
[SourceTitle "EXT 2024"]
[Source "ChessBase"]
[SourceDate "2023.10.10"]
[SourceVersion "1"]
[SourceVersionDate "2023.10.10"]
[SourceQuality "1"]

1. d4 d5 2. Nf3 Nf6 3. c4 e6 4. Nc3 c6 5. e3 Bd6 6. Bd3 Nbd7 7. 0-0 0-0 8. Re1 dxc4 9. Bxc4 e5 10. e4 exd4 11. Nxd4 Ne5 12. Be2 Bc5 13. Be3 Nfg4 14. Bxg4 Nxg4 15. Nf5 Nxe3 16. Nxe3 Qf6 17. Qc2 Bd4 18. Kh1 Be6 19. f3 Rad8 20. Nf1 Rd7 21. Rad1 Rfd8 22. Rd2 h5 23. Red1 h4 24. h3 Bxh3 25. Rxd4 Rxd4 26. Rxd4 Rxd4 27. gxh3 Qxf3+ 28. Qg2 Qd3 29. e5 Rf4 30. Nd2 Rf5 31. Nde4 Rxe5 32. Qg4 f5 0-1